LEADER 00846nam0-2200325---450- 001 990009638770403321 005 20121121121843.0 010 $a978-88-15-23726-2 035 $a000963877 035 $aFED01000963877 035 $a(Aleph)000963877FED01 035 $a000963877 100 $a20121024d2012----km-y0itay50------ba 101 0 $aita 102 $aIT 105 $a--------001yy 200 1 $aMaschi$fArnaldo Spallacci 210 $aBologna$cil Mulino$d2012 215 $a198 p.$d18 cm 225 1 $aUniversale paperbacks$i625 610 0 $aUomini$aIdentità sessuale 676 $a305.31$v22$zita 700 1$aSpallacci,$bArnaldo$0453565 801 0$aIT$bUNINA$gRICA$2UNIMARC 901 $aBK 912 $a990009638770403321 952 $a305.31 SPA 1$b5940$fBFS 959 $aBFS 996 $aMaschi$9848307 997 $aUNINA LEADER 00861nam0-22002891i-450- 001 990005271440403321 005 20151015130025.0 035 $a000527144 035 $aFED01000527144 035 $a(Aleph)000527144FED01 035 $a000527144 100 $a19990604d1976----km-y0itay50------ba 101 0 $afre 105 $aa-------00--- 200 1 $aCalvin et l'humanisme$fFrancois Wender 210 $aParis$cPresses Universitaires de France$d1976 215 $a103 p.$cill.$d24 cm 225 1 $aCahiers de la revue d'histoire et de philosophie religieuses$v45 676 $a284.2092 700 1$aWendel,$bFrançois$f<1905-1972>$0389391 801 0$aIT$bUNINA$gRICA$2UNIMARC 901 $aBK 912 $a990005271440403321 952 $a284.2 CAL 15$bST. REL. 1354$fFLFBC 959 $aFLFBC 996 $aCalvin et l'humanisme$9538488 997 $aUNINA